header

Autodesk Inventor 2014 and Inventor LT 2014 essentials (Record no. 37876)

MARC details
000 -LEADER
fixed length control field 01274nam a2200325 a 4500
082 04 - DEWEY DECIMAL CLASSIFICATION NUMBER
Classification number 620.00420285
100 1# - MAIN ENTRY--AUTHOR NAME
Personal name Tremblay, Thom,
245 10 - TITLE STATEMENT
Title Autodesk Inventor 2014 and Inventor LT 2014 essentials
260 ## - PUBLICATION, DISTRIBUTION, ETC. (IMPRINT)
Place of publication Indianapolis :
Name of publisher Sybex :
-- Autodesk Official Press,
Year of publication c2013.
300 ## - PHYSICAL DESCRIPTION
Number of Pages xxvi, 386 p. :
Other physical details col. ill.
500 ## - GENERAL NOTE
General note Includes index.
650 #0 - SUBJECT ADDED ENTRY--TOPICAL TERM
Topical Term Computer-aided design.
856 40 - ELECTRONIC LOCATION AND ACCESS
Uniform Resource Identifier http://site.ebrary.com/lib/rucke/Doc?id=10728364

No items available.

© 2026 Rongo University
Contact us: librarian | system librarian | Rongo university